000 00599nam a2200229Ia 4500
003 OSt
005 20220924152410.0
006 a|||||r|||| 00| 0
007 ta
008 220923b |||||||| |||| 00| 0 mar d
024 _a342349
037 _cTextual
040 _aARTS
_cARTS
_bmar
041 _2mar
_amar
082 _aY:1.2.A, 155L2
100 _aKashikar Chintamani Ganesh
_9226577
245 0 _aVedic sanskriteechey pailu
260 _c1972
650 _aSOCIOLOGY
942 _hY:1.2.A, 155L2
_cTEXL
_2CC
999 _c469704
_d469704